| 000 | 00689nam a22002057a 4500 | ||
|---|---|---|---|
| 008 | 120419s1993 ua|||||r|||| 000 0 ara d | ||
| 020 | _a9772081156 | ||
| 082 |
_a916.2 _bح م د |
||
| 100 |
_914221 _aحمدان , جمال. |
||
| 245 |
_aنحن وأبعادنا الأربعة / _cجمال حمدان |
||
| 260 |
_aالقاهرة : _bمكتبة مدبولي ، _c1993 |
||
| 300 |
_a170 ص ؛ _c18 سم |
||
| 541 |
_aDr. Bassem ; _cDonation ; |
||
| 651 |
_929666 _aمصر _xجغرافيا |
||
| 653 |
_bGeneral _cApril2012 |
||
| 942 |
_2ddc _cBB _hRDA-MOD |
||
| 999 |
_c16667 _d16667 |
||
| 336 |
_2rdacontent _aنص _btxt |
||
| 337 |
_aبدون وسيط _2rdamedia _bn |
||
| 338 |
_aمجلد _bnc _2rdacarrier |
||